000 00676cam a2200265 4500500
005 20260329005018.0
041 _afre
042 _adc
100 1 0 _aOrtoli, Sven
_eauthor
245 0 0 _aMaître yoga
260 _c2022.
500 _a53
690 _aCorps
690 _aFlexibilité
690 _aFormation
690 _aFroid
690 _aInde
690 _aNarendra Modi
690 _aSanté
690 _aSoin
690 _aStress
690 _aYoga
786 0 _nPhilosophie magazine | 157 | 3 | 2022-03-01 | p. 13-13 | 1951-1787
856 4 1 _uhttps://shs.cairn.info/magazine-philosophie-magazine-2022-3-page-13?lang=fr&redirect-ssocas=7080
999 _c1839445
_d1839445